Name all 16 Territory Flags Challenge! - Statistics

General Stats
  • This quiz has been taken 293 times
  • The average score is 12 of 16
Answer Stats
Picture Answer % Correct
Greenland
92%
Hong Kong
91%
Puerto Rico
90%
Guam
86%
American Samoa
82%
Gibraltar
81%
US Virgin Islands
77%
Cook Islands
74%
Bermuda
73%
Niue
73%
Jersey
72%
New Caledonia
72%
French Guiana
69%
Anguilla
64%
British Virgin Islands
61%
Cayman Islands
56%
No matching quizzes found
Score Distribution
Percent of People with Each Score
Percentile by Number Answered
Your Score History
You have not taken this quiz